LIBRARY & INFORMATION CENTRE, KCAET, TAVANUR

ONLINE PUBLIC ACCESS CATALOGUE (OPAC)

Indiayude bhouthika bhoomisastram / (Record no. 323)

MARC details
000 -LEADER
fixed length control field 00502cam a2200193ua 4500
041 ## - LANGUAGE CODE
Language code of text/sound track or separate title mal
082 ## - DEWEY DECIMAL CLASSIFICATION NUMBER
Classification number 915.4
Item number PIC/IN
100 ## - MAIN ENTRY--AUTHOR NAME
Personal name Pichamuthu, C S .
245 ## - TITLE STATEMENT
Title Indiayude bhouthika bhoomisastram /
250 ## - EDITION STATEMENT
Edition statement 1 /
260 ## - PUBLICATION, DISTRIBUTION, ETC. (IMPRINT)
Place of publication Thiruvananthapuram :
Name of publisher State Instititute of Languages ,
Year of publication 1974.
300 ## - PHYSICAL DESCRIPTION
Number of Pages 282 ; .
942 ## - ADDED ENTRY ELEMENTS (KOHA)
Koha item type Books
Holdings
Withdrawn status Lost status Damaged status Home library Current library Date acquired Full call number Accession Number Koha item type
      KAUAET KAUAET 07/04/2012 915.4 13849 Books
Withdrawn     KAUAET Sanskrit University 07/04/2012 915.4 13850 Books
free website counter